Bibliotecas e arquivos de Portugal : boletim dos serviços das bibliotecas e arquivos da Direcção Geral do Ensino Superior e das Belas Artes (Registo nº 198852)

Detalhes MARC
000 -Etiqueta do registo
Valores 00701nam 22001693 4500
100 ## - Dados gerais de processamento
Dados gerais 20251106d u||y0pory50 ba
200 ## - Titulo e menção de responsabilidade
Título próprio Bibliotecas e arquivos de Portugal : boletim dos serviços das bibliotecas e arquivos da Direcção Geral do Ensino Superior e das Belas Artes
210 ## - Publicação
Local de publicação Lisboa
Nome do editor Ministério da Educação Nacional, Direcção-Geral do Ensino Superior e das biblitecas
Data de publicação 1969-1979
215 ## - Descrição física 
Paginação / Volumes 5 vols
Outras indicações físicas brochado
Dimensões 24 cm
606 ## - Nome comum usado como assunto
ID Autoridade 1270
Palavra de ordem Biblioteconomia
Subdivisão assunto Bibliotecas
675 ## - CDU
Notação 02
Edição PT
Língua por
711 ## - Co-autor principal (colectividade)
ID Autoridade 14763
Nome da entidade Portugal., Direcção Geral do Ensino Superior e das Belas Artes,
801 ## - Fonte de origem
País PT
Agência BMMN
Regras de catalogação RPC
830 ## - Notas gerais do catalogador
Criado por Fernando
Indexado por Fernando
990 ## - Elementos KOHA
Tipo de documento Livro
Exemplares
Situação do levantamento Biblioteca de origem Código de barras Cota Permissão de empréstimo Tipo de documento Forma de aquisição
  Biblioteca Municipal de Montemor-o-Novo 27414 02 POR|DEP (vol.I)   Livro Compra
  Biblioteca Municipal de Montemor-o-Novo 27415 02 POR|DEP (vol.II)   Livro Compra
  Biblioteca Municipal de Montemor-o-Novo 27416 02 POR|DEP (vol.III)   Livro Compra
  Biblioteca Municipal de Montemor-o-Novo 27417 02 POR|DEP (vol.IV)   Livro Compra
  Biblioteca Municipal de Montemor-o-Novo 27418 02 POR|DEP (vol.V)   Livro Compra

Powered by Koha